000 01001nas a2200325 4500
001 BR2016001756
003 BR-BrBNA
005 20231205130333.0
007 ta
008 230509b bl.|||p| |||| 00| 00por d
040 _aBR-BrBNA
_bpor
_cBiblioteca Nacional de Agricultura
041 _a(En)
072 _aF04
100 1 _aElli, E.F.
100 1 _aCaron, B.O.
100 1 _aMedeiros, S.L.P.
100 1 _aEloy, E.
100 1 _aMonteiro, G.C.
100 1 _aSchmidt, D.
245 1 _aEffects of growth reducer and nitrogen fertilization on morphological variables, SPAD index, interception of radiation and productivity of wheat
650 _aTRIGO
650 _aFERTILIZANTE NITROGENADO
650 _aMORFOLOGIA VEGETAL
650 _aPRODUTIVIDADE
650 _aVARIEDADE
650 _aCRESCIMENTO
773 0 _tRevista Ceres (Brazil)
_xISSN 0034-737X
_g(Nov-Dec 2015), v. 62(6) p. 577-582
_wBR2016001756
909 _a202311
_bLúcia
_c55
_dLúcia Elande
942 _2AGRIS
_n0
_cANA
999 _c248916
_d248916